书目信息 |
| 题名: |
化工维修基础
|
|
| 作者: | 文申柳 , 高朝祥 主编 ;中国化工机械动力技术协会组织 编写 | |
| 分册: | ||
| 出版信息: | 北京 化学工业出版社 2007 |
|
| 页数: | 311页 | |
| 开本: | 24cm | |
| 丛书名: | ||
| 单 册: | ||
| 中图分类: | TQ050.7 | |
| 科图分类: | ||
| 主题词: | 化工机械--维修--职业技能鉴定--教材 | |
| 电子资源: | ||
| ISBN: | 978-7-5025-9267-7 | |
| 000 | 00969nam0 2200265 450 | |
| 000 | 00977nam0 2200265 450 | |
| 000 | 00907nam0 2200241 450 | |
| 000 | 00871nam0 2200229 45 | |
| 005 | 20070516100842.56 | |
| 010 | @a978-7-5025-9267-7@dCNY29.80 | |
| 100 | @a20070321d2007 em y0chiy0120 ea | |
| 101 | 0 | @achi |
| 102 | @aCN@b110000 | |
| 105 | @aa z 000yy | |
| 200 | 1 | @a化工维修基础@AHua Gong Wei Xiu Ji Chu@f中国化工机械动力技术协会组织编写@FZhong Guo Hua Gong Ji Xie Dong Li Ji Shu Xie Hui Zu Zhi Bian Xie@g高朝祥,文申柳主编 |
| 210 | @a北京@c化学工业出版社@d2007 | |
| 215 | @a311页@c图@d24cm | |
| 300 | @a职业技能鉴定培训教程 | |
| 606 | 0 | @a化工机械@x维修@x职业技能鉴定@j教材 |
| 690 | @aTQ050.7@v4 | |
| 701 | 0 | @a文申柳@AWen Shen Liu@4主编 |
| 701 | 0 | @a高朝祥@AGao Chao Xiang@4主编 |
| 711 | 02 | @a中国化工机械动力技术协会组织@AZhong Guo Hua Gong Ji Xie Dong Li Ji Shu Xie Hui Zu Zhi@4编写 |
| 801 | 0 | @aCN@bTAOJIN@c20070516 |
| 905 | @a10447@dTQ050.7@e5 | |
| 化工维修基础/中国化工机械动力技术协会组织编写/高朝祥,文申柳主编.-北京:化学工业出版社,2007 |
| 311页:图;24cm |
| 职业技能鉴定培训教程 |
| ISBN 978-7-5025-9267-7:CNY29.80 |
| ● |
| 相关链接 |
|
|
|
|
正题名:化工维修基础
索取号:TQ050.7/5
 
预约/预借
| 序号 | 登录号 | 条形码 | 馆藏地/架位号 | 状态 | 备注 |
| 1 | 0520585 | 205205856 | 第二样本阅览室/ [索取号:TQ050.7/5] | 在馆 | |
| 2 | 0520586 | 205205865 | 第三借阅区/ [索取号:TQ050.7/5] | 在馆 | |
| 3 | 0520587 | 205205874 | 第三借阅区/ [索取号:TQ050.7/5] | 在馆 |